00691 2200241 4500001002100000005001700021008004100038035002400079040001200103082001800115084002200133090002600155245007400181260003000255300003200285504002600317650002300343700002300366700001200389850001200401990001800413990001800431INLIS00000000002399720161107112243.0  0010-111600000000251 aYOPDYOG a306.426 982 2 a306.426 982 2 Pro aBTR 306.426 982 2 Pro aProfil Seni Budaya Betawic/ Penyusun, Yahya andi Saputra dan Nurzain a[ s.l ]b[ s.n ]c[ s.a ] a130 hlm.b: ilus.c; 22 cm. aBibliografi: hlm. 130 aKebudayaanzBetawi aYahya andi Saputra aNurzain aYOPDYOG a53195-PD/A.16 a53196-PD/A.16